Improving large taxpayers' compliance : a review of country experience /

Salvato in:
Dettagli Bibliografici
Autore principale: Baer, Katherine
Altri autori: Benon, Olivier, Toro, Juan
Natura: Libro
Pubblicazione: Washington, DC : International Monetary Fund, 2002.
Soggetti:
Accesso online:http://www.loc.gov/catdir/toc/fy032/2002510629.html
Tags: Aggiungi Tag
Nessun Tag, puoi essere il primo ad aggiungerne!!

MARC

LEADER 00000cam a2200000 a 4500
020 |a 1589061187  |c TZS 2000/= 
040 |a MUL  |b eng  |e AACR 
082 |a 336.2 BAE 
100 1 |a Baer, Katherine. 
245 1 0 |a Improving large taxpayers' compliance :  |b a review of country experience /  |c by a staff team led by Katherine Baer. 
260 |a Washington, DC :  |b International Monetary Fund,  |c 2002. 
300 |a vii, 59 p. ;  |c 28 cm. 
500 |a "Staff team led by Katherine Baer and comprising Olivier Benon and Juan Toro"--p. vii. 
500 |a Includes bibliographical references (p. 57). 
650 0 |a Taxpayer compliance. 
650 0 |a Taxpayer compliance  |z Developing countries. 
650 0 |a Tax administration and procedure. 
650 0 |a Tax administration and procedure  |z Developing countries. 
700 1 |a Benon, Olivier. 
700 1 |a Toro, Juan. 
856 4 1 |u http://www.loc.gov/catdir/toc/fy032/2002510629.html 
942 |c BK 
999 |c 8410  |d 8410